Anansi boys (Record no. 34384)

MARC details
000 -LEADER
fixed length control field 00594nam a2200181 a 4500
008 - FIXED-LENGTH DATA ELEMENTS--GENERAL INFORMATION
fixed length control field 161019s2005 ||||||||||||||||| || u
020 ## - INTERNATIONAL STANDARD BOOK NUMBER
International Standard Book Number 9780755305070
020 ## - INTERNATIONAL STANDARD BOOK NUMBER
International Standard Book Number 006051518X (acid-free paper)
020 ## - INTERNATIONAL STANDARD BOOK NUMBER
International Standard Book Number 0755305078
050 ## - LIBRARY OF CONGRESS CALL NUMBER
Classification number PR 6057.A319 A85
100 ## - MAIN ENTRY--PERSONAL NAME
Personal name Gaiman, Neil
245 10 - TITLE STATEMENT
Title Anansi boys
Statement of responsibility, etc. Neil Gaiman
260 ## - PUBLICATION, DISTRIBUTION, ETC.
Place of publication, distribution, etc. London
Name of publisher, distributor, etc. Headline Publishing
Date of publication, distribution, etc. 2005
300 ## - PHYSICAL DESCRIPTION
Extent 348 p.
350 ## - PRICE (NR) (BK AM CF MU VM SE) [OBSOLETE]
Price 29.31
650 ## - SUBJECT ADDED ENTRY--TOPICAL TERM
Topical term or geographic name entry element ENGLISH LANGUAGE
995 ## - RECOMMENDATION 995 [LOCAL, UNIMARC FRANCE]
-- CBU-MAIN LIBRARY (Kitwe)
-- 29.31
-- 1
-- AVAILABLE
-- Oct 19, 2016
-- Fiction Collection
Holdings
Withdrawn status Lost status Source of classification or shelving scheme Damaged status Not for loan Home library Current library Shelving location Date acquired Total Checkouts Full call number Barcode Date last seen Price effective from Koha item type
          CBU-MAIN LIBRARY, KITWE. CBU-MAIN LIBRARY, KITWE.   11/30/2022   PR 6057.A319 A85 746828 11/30/2022 11/30/2022 MONOGRAPH